000 00307nam a22001337a 4500
008 170526b xxu||||| |||| 00| 0 eng d
020 _a9781585034796
041 _aeng
080 _a62
100 _a27
101 _aIM
245 _aPARAMETRIC MODELING SOLID WORKS 2008
_cSHIH.R.H
942 _2udc
_cBK
999 _c14520
_d14520